书目信息 |
| 题名: |
男性内衣设计理论与实践
|
|
| 作者: | 程朋朋 , 陈道玲 , 陈东生 著 | |
| 分册: | ||
| 出版信息: | 北京 中国纺织出版社 2019 |
|
| 页数: | 204页 | |
| 开本: | 26cm | |
| 丛书名: | ||
| 单 册: | ||
| 中图分类: | TS941.713 | |
| 科图分类: | ||
| 主题词: | 男服--内衣--服装设计--研究 | |
| 电子资源: | ||
| ISBN: | 978-7-5180-5967-6 | |
| 000 | 00838nam0 2200241 450 | |
| 001 | 2349708093 | |
| 005 | 20230923134839.41 | |
| 010 | @a978-7-5180-5967-6@dCNY45.00 | |
| 100 | @a20190508d2019 em y0chiy50 ea | |
| 101 | 0 | @achi |
| 102 | @aCN@b110000 | |
| 105 | @aa z 000yy | |
| 200 | 1 | @a男性内衣设计理论与实践@Anan xing nei yi she ji li lun yu shi jian@f程朋朋,陈道玲,陈东生著 |
| 210 | @a北京@c中国纺织出版社@d2019 | |
| 215 | @a204页@c图@d26cm | |
| 330 | @a本书较全面地概括了内衣面料选取、人体舒适性、男性人体数据测量与体型分析、内衣设计、内衣板型与制作工艺、保养等。 | |
| 606 | 0 | @a男服@x内衣@x服装设计@x研究 |
| 690 | @aTS941.713@v5 | |
| 701 | 0 | @a程朋朋@Acheng peng peng@4著 |
| 701 | 0 | @a陈道玲@Achen dao ling@4著 |
| 701 | 0 | @a陈东生@Achen dong sheng@4著 |
| 801 | 0 | @aCN@b安徽时代@c20230923 |
| 905 | @aBZT@dTS941.713@e4 | |
| 男性内衣设计理论与实践/程朋朋,陈道玲,陈东生著.-北京:中国纺织出版社,2019 |
| 204页:图;26cm |
| ISBN 978-7-5180-5967-6:CNY45.00 |
| 本书较全面地概括了内衣面料选取、人体舒适性、男性人体数据测量与体型分析、内衣设计、内衣板型与制作工艺、保养等。 |
| ● |
| 相关链接 |
|
|
|
正题名:男性内衣设计理论与实践
索取号:TS941.713/4
 
预约/预借
| 序号 | 登录号 | 条形码 | 馆藏地/架位号 | 状态 | 备注 |
| 1 | 2000916967 | 2000916967 | 第四书库/四28架A面5层1列/ [索取号:TS941.713/4] | 在馆 | |
| 2 | 2000916968 | 2000916968 | 第四书库/四28架A面5层1列/ [索取号:TS941.713/4] | 在馆 | |
| 3 | 2000916969 | 2000916969 | 第四书库/四28架A面5层1列/ [索取号:TS941.713/4] | 在馆 | |
| 4 | 2000916970 | 2000916970 | 第四书库/四28架A面5层1列/ [索取号:TS941.713/4] | 在馆 | |
| 5 | 2000916971 | 2000916971 | 第四书库/四28架A面5层1列/ [索取号:TS941.713/4] | 在馆 | |
| 6 | 2000916972 | 2000916972 | 第四书库/四28架A面5层1列/ [索取号:TS941.713/4] | 在馆 |